[Event "38th World U20 ch"]
[Site "Yerevan ARM"]
[Date "1999.09.18"]
[Round "1.1"]
[White "Kasimdzhanov, Rustam"]
[Black "Lopez Martinez, Josep Manuel"]
[Result "1-0"]
[WhiteElo "2603"]
[BlackElo "2378"]
[EventDate "1999.09.18"]
[PlyCount "81"]

1.d4 e6 2.c4 Nf6 3.Nf3 d5 4.Nc3 dxc4 5.e4 c5 6.Bxc4 cxd4 7.Nxd4 Qc7 8.Qe2 
a6 9.e5 Nfd7 10.Bxe6 Bb4 11.O-O O-O 12.Bxf7+ Rxf7 13.e6 Rf8 14.exd7 Bxd7 
15.Ne6 Bxe6 16.Qxe6+ Qf7 17.Qxf7+ Rxf7 18.Nd5 Nc6 19.Nxb4 Nxb4 20.Bd2 Nd3 
21.Bc3 Raf8 22.f3 Nf4 23.Rfe1 Rc8 24.Rad1 h6 25.Rd6 Kh7 26.g3 Ng6 27.Kg2 
Nf8 28.f4 Rcc7 29.Kf3 Nd7 30.Re8 Nc5 31.h4 Na4 32.Be5 Rcd7 33.Rf8 Rfe7 34.
h5 Rxd6 35.Bxd6 Rd7 36.Be5 Nc5 37.g4 Rd3+ 38.Ke2 Rg3 39.Rf7 Rxg4 40.Kf3 
Rg1 41.Bd4 1-0

[Event "38th World U20 ch"]
[Site "Yerevan ARM"]
[Date "1999.09.18"]
[Round "1.2"]
[White "Starostits, Ilmars"]
[Black "Bunzmann, Dimitrij"]
[Result "0-1"]
[WhiteElo "2358"]
[BlackElo "2596"]
[EventDate "1999.09.18"]
[PlyCount "102"]

1.c4 b6 2.Nc3 Bb7 3.d4 e6 4.e4 Bb4 5.Bd3 f5 6.Qe2 Nf6 7.Bg5 fxe4 8.Bxe4 
Bxe4 9.Bxf6 Qxf6 10.Qxe4 Bxc3+ 11.bxc3 O-O 12.Nf3 Nc6 13.O-O Qf5 14.Rfe1 
Qxe4 15.Rxe4 Rf5 16.Rd1 Na5 17.d5 exd5 18.Rxd5 Rxd5 19.cxd5 Kf8 20.Kf1 Re8
21.Ne5 Re7 22.Rf4+ Ke8 23.Nd3 Nb7 24.h4 Nd6 25.f3 Re3 26.Rd4 Nf5 27.Kf2 
Nxd4 28.Kxe3 Nf5+ 29.Ke4 Nxh4 30.g3 Ng6 31.c4 Ke7 32.f4 Nh8 33.c5 bxc5 34.
Nxc5 Nf7 35.a4 g6 36.g4 h6 37.f5 Nd6+ 38.Kf4 gxf5 39.gxf5 Ne8 40.Ke4 Nf6+ 
41.Kd4 h5 42.Nd3 Kd6 43.Nf4 a6 44.a5 h4 45.Kc4 Ke5 46.Ng6+ Kxf5 47.Nxh4+ 
Ke4 48.d6 cxd6 49.Ng2 Ng4 50.Ne1 Ne5+ 51.Kc3 d5 0-1

[Event "38th World U20 ch"]
[Site "Yerevan ARM"]
[Date "1999.09.18"]
[Round "1.3"]
[White "Asrian, Karen"]
[Black "Berg, Emanuel"]
[Result "1-0"]
[WhiteElo "2575"]
[BlackElo "2348"]
[EventDate "1999.09.18"]
[PlyCount "77"]

1.e4 e6 2.d4 d5 3.Nd2 Nf6 4.e5 Nfd7 5.c3 c5 6.Bd3 Nc6 7.Ne2 cxd4 8.cxd4 f6
9.exf6 Nxf6 10.Nf3 Bd6 11.O-O O-O 12.Bf4 Bxf4 13.Nxf4 Ne4 14.Qc1 Nb4 15.
Bb1 Bd7 16.Qe3 Ng5 17.Ne5 Rc8 18.h4 Nf7 19.Nxd7 Qxd7 20.a3 Nc6 21.Qd3 Ng5 
22.hxg5 Rxf4 23.Qxh7+ Kf8 24.Bg6 Nxd4 25.Rae1 Nc6 26.g3 Rc4 27.Re3 Ke7 28.
Rfe1 Kd6 29.Rxe6+ Kc5 30.Bd3 b5 31.Bxc4 bxc4 32.b4+ Kb5 33.Qc2 a6 34.Qc3 
Rf8 35.a4+ Kxa4 36.Rxc6 Qxc6 37.Ra1+ Kb5 38.Ra5+ Kb6 39.Qd4+ 1-0

[Event "38th World U20 ch"]
[Site "Yerevan ARM"]
[Date "1999.09.18"]
[Round "1.5"]
[White "Iliushin, Alexei"]
[Black "Kidambi, Sundararajan"]
[Result "1/2-1/2"]
[WhiteElo "2527"]
[BlackElo "2334"]
[EventDate "1999.09.18"]
[PlyCount "118"]

1.d4 Nf6 2.c4 g6 3.Nc3 Bg7 4.Nf3 d6 5.h3 O-O 6.Bf4 c5 7.d5 Re8 8.e3 e6 9.
Nd2 Na6 10.Be2 Nc7 11.dxe6 Bxe6 12.e4 b5 13.cxb5 d5 14.O-O dxe4 15.Bg5 h6 
16.Bxf6 Qxf6 17.Ndxe4 Qe5 18.Qd6 Qxd6 19.Nxd6 Red8 20.Nde4 Bd4 21.Na4 c4 
22.Rac1 Nxb5 23.Bxc4 Bxc4 24.Rxc4 Rac8 25.Rfc1 Rxc4 26.Rxc4 Be5 27.Kf1 
Rd1+ 28.Ke2 Ra1 29.Rc5 Nd4+ 30.Kd3 Bg7 31.Rc8+ Kh7 32.Nac3 Ne6 33.Kc4 f5 
34.Nd6 Rf1 35.Re8 Nf4 36.Re7 Kg8 37.Rxa7 Rxf2 38.g3 Nxh3 39.Nd5 Rxb2 40.
Ne7+ Kh7 41.Nexf5 gxf5 42.Nxf5 Kg6 43.Nxg7 Rc2+ 44.Kd4 Ng5 45.a4 Rg2 46.
Ne8 Rxg3 47.Ra6+ Kf5 48.Ng7+ Kg4 49.Rxh6 Ra3 50.Ra6 Nf3+ 51.Kd5 Rd3+ 52.
Kc5 Rc3+ 53.Kb4 Rc1 54.Rg6+ Kf4 55.Nh5+ Ke5 56.a5 Nd4 57.a6 Rb1+ 58.Kc4 
Rc1+ 59.Kd3 Ne6 1/2-1/2

[Event "38th World U20 ch"]
[Site "Yerevan ARM"]
[Date "1999.09.18"]
[Round "1.7"]
[White "Aronian, Levon"]
[Black "Budnikov, Oleg"]
[Result "1/2-1/2"]
[WhiteElo "2518"]
[BlackElo "2331"]
[EventDate "1999.09.18"]
[PlyCount "51"]

1.Nf3 Nf6 2.g3 d5 3.Bg2 c6 4.O-O Bg4 5.d3 Nbd7 6.Nbd2 e6 7.e4 Bd6 8.h3 Bh5
9.Qe1 Qc7 10.Nh2 O-O-O 11.f4 g5 12.e5 Bc5+ 13.Kh1 gxf4 14.exf6 fxg3 15.
Nhf3 Rhg8 16.Nb3 Bf2 17.Rxf2 gxf2 18.Qxf2 Rg6 19.Nh4 Rxf6 20.Qxa7 Qg3 21.
Na5 Qe1+ 22.Kh2 Qe5+ 23.Kh1 Qe1+ 24.Kh2 Qe5+ 25.Kh1 Qe1+ 26.Kh2 1/2-1/2

[Event "38th World U20 ch"]
[Site "Yerevan ARM"]
[Date "1999.09.18"]
[Round "1.11"]
[White "Blehm, Pawel"]
[Black "Rizouk, Aimen"]
[Result "1-0"]
[WhiteElo "2479"]
[BlackElo "2312"]
[EventDate "1999.09.18"]
[PlyCount "78"]

1.e4 e5 2.Nf3 Nc6 3.Bb5 Nd4 4.Nxd4 exd4 5.O-O c6 6.Bc4 d5 7.exd5 cxd5 8.
Bb5+ Bd7 9.Qe2+ Ne7 10.b3 Bxb5 11.Qxb5+ Qd7 12.Qd3 Nc6 13.Bb2 Qg4 14.Re1+ 
Be7 15.Ba3 O-O 16.Bxe7 Rfe8 17.Na3 Rxe7 18.Rxe7 Nxe7 19.Nb5 Nc6 20.Re1 Rd8
21.c3 dxc3 22.dxc3 g6 23.h3 Qf4 24.Rd1 Kg7 25.Qb1 Qf6 26.Qb2 Qe5 27.Qd2 a6
28.Re1 Qf6 29.Nc7 Ne7 30.Qe3 Kf8 31.Qh6+ Kg8 32.Qe3 Kf8 33.Rd1 Kg8 34.c4 
d4 35.Qe4 Qd6 36.Qxb7 Rd7 37.Ne8 Rxb7 38.Nxd6 Rd7 39.Rxd4 Nc6 1-0

[Event "38th World U20 ch"]
[Site "Yerevan ARM"]
[Date "1999.09.18"]
[Round "1.12"]
[White "Petrosian, Davit Gevorgi"]
[Black "Naumann, Alexander"]
[Result "1/2-1/2"]
[WhiteElo "2309"]
[BlackElo "2478"]
[EventDate "1999.09.18"]
[PlyCount "120"]

1.e4 c5 2.Nf3 d6 3.d4 cxd4 4.Nxd4 Nf6 5.Nc3 a6 6.Bc4 e6 7.Bb3 b5 8.Bg5 Be7
9.Qe2 Qc7 10.O-O-O O-O 11.a3 Bd7 12.Kb1 Nc6 13.Bc1 Nxd4 14.Rxd4 a5 15.a4 
bxa4 16.Bxa4 Rab8 17.Rc4 Qb7 18.b3 Rfc8 19.Bxd7 Nxd7 20.Bb2 Bf6 21.Rd1 
Rxc4 22.Qxc4 Rc8 23.Qb5 Qc7 24.Rd2 Nc5 25.Qc4 Qb8 26.Nb5 a4 27.Nxd6 Nxb3 
28.Qxc8+ Qxc8 29.Nxc8 Nxd2+ 30.Ka2 Bd8 31.f3 Nc4 32.Bd4 Bc7 33.h3 Kf8 34.
Na7 g6 35.Nb5 Ba5 36.Bc5+ Ke8 37.Nd6+ Nxd6 38.Bxd6 Kd7 39.Bf8 Kc6 40.c4 
Bb6 41.Bb4 f5 42.exf5 gxf5 43.Ka3 e5 44.Kxa4 h5 45.Kb3 Bd8 46.Kc2 Bg5 47.
Kd3 Kd7 48.Be1 Ke6 49.Kc3 Be7 50.Kd3 Bg5 51.g4 hxg4 52.hxg4 Be7 53.Bg3 Bd6
54.Bf2 e4+ 55.fxe4 fxg4 56.Bd4 Bh2 57.Ke2 Bf4 58.Kf2 Kd6 59.Kg2 Kc6 60.Bf2
Be5 1/2-1/2

[Event "38th World U20 ch"]
[Site "Yerevan ARM"]
[Date "1999.09.18"]
[Round "1.13"]
[White "Sargissian, Gabriel"]
[Black "Jakupovic, Neven"]
[Result "1-0"]
[WhiteElo "2470"]
[BlackElo "2263"]
[EventDate "1999.09.18"]
[PlyCount "79"]

1.d4 Nf6 2.Bg5 c6 3.Bxf6 exf6 4.e3 d5 5.c4 Bb4+ 6.Nc3 Bxc3+ 7.bxc3 O-O 8.
Nf3 Be6 9.Qb3 Nd7 10.Be2 Qc7 11.Nd2 Nb6 12.c5 Nd7 13.O-O f5 14.c4 Nf6 15.
g3 Ne4 16.Nxe4 fxe4 17.Rfb1 Rab8 18.Rb2 b6 19.Rab1 Rfd8 20.a4 Qe7 21.Qc3 
dxc4 22.Bxc4 Bxc4 23.Qxc4 Qc7 24.Rc1 Rdc8 25.cxb6 axb6 26.d5 Qe5 27.Rd2 
Qd6 28.Qxe4 Re8 29.Qc4 cxd5 30.Rxd5 Qa3 31.Rd3 Qf8 32.Qb5 Ra8 33.Rc7 Ra5 
34.Qc4 Rea8 35.Rdd7 Rxa4 36.Qxf7+ Qxf7 37.Rxf7 Rg4 38.Rfd7 b5 39.Rb7 b4 
40.h3 1-0

[Event "38th World U20 ch"]
[Site "Yerevan ARM"]
[Date "1999.09.18"]
[Round "1.14"]
[White "Hansen, Torbjorn Ringdal"]
[Black "Vajda, Levente"]
[Result "1/2-1/2"]
[WhiteElo "2259"]
[BlackElo "2462"]
[EventDate "1999.09.18"]
[PlyCount "86"]

1.c4 Nf6 2.Nc3 g6 3.g3 Bg7 4.Bg2 O-O 5.e4 d6 6.Nge2 e5 7.O-O Be6 8.d3 c6 
9.h3 Qd7 10.Kh2 d5 11.exd5 cxd5 12.f4 dxc4 13.fxe5 Nd5 14.d4 Nc6 15.Ne4 
Ncb4 16.N2c3 Nd3 17.Bg5 Nc7 18.Nf6+ Bxf6 19.Bxf6 Ne8 20.Qd2 Qxd4 21.Qh6 
Nxe5 22.Ne4 Bxh3 23.Qxh3 h5 24.Rad1 Qxb2 25.Kh1 Nxf6 26.Nxf6+ Kg7 27.Qh4 
Rh8 28.Qe4 Ng4 29.Nd5 Nf2+ 30.Rxf2 Qxf2 31.Qe5+ Kh6 32.Rf1 Rhe8 33.Ne7 f6 
34.Qe4 Qxg3 35.Rxf6 Rxe7 36.Qxe7 Re8 37.Qxe8 Qh4+ 38.Kg1 Qxf6 39.Qe3+ Qg5 
40.Qd4 Qc1+ 41.Kh2 c3 42.Qh8+ Kg5 43.Qe5+ Kh6 1/2-1/2

[Event "38th World U20 ch"]
[Site "Yerevan ARM"]
[Date "1999.09.18"]
[Round "1.16"]
[White "Kumin, Simon"]
[Black "Janssen, Ruud"]
[Result "1/2-1/2"]
[WhiteElo "2251"]
[BlackElo "2448"]
[EventDate "1999.09.18"]
[PlyCount "107"]

1.d4 Nf6 2.c4 e6 3.Nc3 Bb4 4.g3 c5 5.Nf3 cxd4 6.Nxd4 O-O 7.Bg2 d5 8.cxd5 
Nxd5 9.Qb3 Qb6 10.Bxd5 exd5 11.Be3 Bxc3+ 12.Qxc3 Qa6 13.f3 Nc6 14.Kf2 Re8 
15.b3 Bd7 16.Nxc6 Rac8 17.Rac1 Rxc6 18.Qd2 Rce6 19.Rc3 Bb5 20.Re1 d4 21.
Qxd4 Qxa2 22.Qxa7 Qxa7 23.Bxa7 Rxe2+ 24.Rxe2 Rxe2+ 25.Kg1 Bc6 26.b4 h5 27.
h4 f6 28.Bf2 Kf7 29.Rb3 Rd2 30.Be3 Rc2 31.Bf4 Ke6 32.b5 Bd5 33.Re3+ Kf5 
34.Rd3 Rc5 35.b6 Rb5 36.Kf2 Bc4 37.Rd4 Rb2+ 38.Kg1 Bb5 39.Be3 Bc6 40.Rd2 
Rb3 41.Kf2 g5 42.hxg5 fxg5 43.Rd8 g4 44.fxg4+ hxg4 45.Rd4 Rb2+ 46.Rd2 Rb1 
47.Rd4 Bf3 48.Rd6 Ke4 49.Rd4+ Ke5 50.Rd7 Rh1 51.Bf4+ Kf5 52.Re7 Rh2+ 53.
Kg1 Rb2 54.Bc7 1/2-1/2

[Event "38th World U20 ch"]
[Site "Yerevan ARM"]
[Date "1999.09.18"]
[Round "1.19"]
[White "Peralta, Fernando"]
[Black "Atakisi, Umut"]
[Result "1/2-1/2"]
[WhiteElo "2433"]
[BlackElo "2238"]
[EventDate "1999.09.18"]
[PlyCount "165"]

1.d4 Nf6 2.c4 g6 3.Nc3 d5 4.cxd5 Nxd5 5.Na4 Bg7 6.e4 Nb6 7.Be3 Nc6 8.Nf3 
O-O 9.Nc5 Nd7 10.Nxd7 Bxd7 11.h3 e5 12.d5 Ne7 13.Be2 c6 14.d6 Nc8 15.O-O 
Be6 16.Ng5 Qxd6 17.Qc1 Qe7 18.Nxe6 Qxe6 19.Bc4 Qe7 20.Bg5 Qc7 21.a4 Nd6 
22.Bd3 f5 23.exf5 gxf5 24.Qc5 Kh8 25.Rad1 b6 26.Qc2 c5 27.b3 Nf7 28.Bh4 e4
29.Bb5 Ne5 30.Bg5 a6 31.Be2 Nc6 32.Rfe1 Nd4 33.Qc4 Qe5 34.Be3 b5 35.axb5 
axb5 36.Bxd4 cxd4 37.Qxb5 Qf4 38.Bc4 Ra2 39.Re2 Rxe2 40.Bxe2 d3 41.Bxd3 
exd3 42.Qxd3 Be5 43.g3 Qh6 44.Qd5 Qg7 45.Rd3 f4 46.g4 Bb8 47.Kg2 Qe7 48.
Qd4+ Kg8 49.Qd5+ Kg7 50.Qd4+ Qf6 51.Qd5 Rf7 52.b4 h6 53.b5 Ba7 54.Rb3 Re7 
55.Qc6 Re6 56.Qc7+ Re7 57.Qc6 Bb6 58.Qxf6+ Kxf6 59.Kf3 Ke5 60.Rb2 Rc7 61.
Re2+ Kf6 62.Kxf4 Rc4+ 63.Kg3 Rb4 64.Rc2 Rxb5 65.Rc6+ Kg7 66.Rc2 Bc5 67.Ra2
Rb3+ 68.Kg2 Kf6 69.Rc2 Bd4 70.Rd2 Be5 71.Rc2 Bd4 72.Rd2 Ke5 73.Re2+ Kf4 
74.Rd2 Be5 75.Rc2 Rd3 76.Ra2 Rd5 77.Ra8 Bd6 78.Rh8 Kg5 79.Rg8+ Kh4 80.Rd8 
Rd2 81.Rd7 Kg5 82.Rf7 Kg6 83.Rf5 1/2-1/2

[Event "38th World U20 ch"]
[Site "Yerevan ARM"]
[Date "1999.09.18"]
[Round "1.20"]
[White "Bognar, Csaba"]
[Black "Vuckovic, Bojan"]
[Result "1-0"]
[WhiteElo "2237"]
[BlackElo "2433"]
[EventDate "1999.09.18"]
[PlyCount "79"]

1.d4 Nf6 2.c4 c5 3.d5 b5 4.Qc2 Na6 5.a3 bxc4 6.e4 e6 7.dxe6 fxe6 8.Bxc4 
Bb7 9.Nc3 Nc7 10.Bf4 Be7 11.Nge2 O-O 12.O-O Nh5 13.Be5 Bf6 14.Bd6 Be7 15.
Be5 d6 16.Rad1 Qd7 17.Ng3 Nxg3 18.Bxg3 Rad8 19.Rd2 Qc6 20.Rfd1 Kh8 21.f3 
Bc8 22.Qa4 Qxa4 23.Nxa4 e5 24.Nc3 Be6 25.Bd5 Bg5 26.Re2 Rb8 27.Bf2 Bxd5 
28.Nxd5 Ne6 29.b4 a6 30.Rc2 Rb7 31.h4 Bh6 32.Rd3 Rd8 33.bxc5 dxc5 34.Bxc5 
Rb1+ 35.Kh2 Nxc5 36.Rxc5 Rb2 37.Nb4 Bf4+ 38.Kh3 Ra8 39.g3 Bd2 40.Rcd5 1-0

[Event "38th World U20 ch"]
[Site "Yerevan ARM"]
[Date "1999.09.18"]
[Round "1.21"]
[White "Matikozian, Andranik"]
[Black "Aranha Filho, Alvaro Zimmermann"]
[Result "1-0"]
[WhiteElo "2427"]
[BlackElo "2236"]
[EventDate "1999.09.18"]
[PlyCount "60"]

1.e4 c5 2.Nc3 e6 3.Nf3 Nc6 4.Bb5 Nge7 5.O-O a6 6.Bxc6 Nxc6 7.Re1 d6 8.d4 
cxd4 9.Nxd4 Bd7 10.Nxc6 Bxc6 11.Qg4 Qa5 12.Bd2 h5 13.Qe2 Be7 14.Nd5 Qd8 
15.c4 e5 16.f4 g6 17.Bc3 Bf6 18.Rad1 Bg7 19.c5 O-O 20.Nb6 Rb8 21.Rxd6 Qe7 
22.Nd5 Bxd5 23.exd5 Qc7 24.b4 exf4 25.Bxg7 Kxg7 26.Qe5+ Kh7 27.Qe7 Qc8 28.
Rf6 Kg7 29.Ree6 Kh6 30.Rxf7 Rxf7 1-0

[Event "38th World U20 ch"]
[Site "Yerevan ARM"]
[Date "1999.09.18"]
[Round "1.22"]
[White "Krejci, Jakub"]
[Black "Pert, Nicholas"]
[Result "1/2-1/2"]
[WhiteElo "2221"]
[BlackElo "2425"]
[EventDate "1999.09.18"]
[PlyCount "84"]

1.e4 e6 2.d4 d5 3.Nd2 c5 4.Ngf3 Nf6 5.exd5 exd5 6.Bb5+ Bd7 7.Bxd7+ Nbxd7 
8.O-O Be7 9.dxc5 Nxc5 10.Nb3 Nce4 11.Bf4 O-O 12.h3 a5 13.a4 Re8 14.c3 Ra6 
15.Nfd4 Bd6 16.Bxd6 Nxd6 17.Qc2 Ra8 18.Rfe1 Qb6 19.Nd2 h6 20.Qb3 Qc5 21.
N2f3 Nfe4 22.Qa3 Qb6 23.Qb3 Qxb3 24.Nxb3 Nc4 25.Rab1 Kf8 26.Nbd4 Nb6 27.
Ra1 Rac8 28.Nb5 Nc4 29.b3 Ncd6 30.Nxd6 Nxd6 31.Rxe8+ Nxe8 32.Rc1 Nf6 33.
Nd4 Ne4 34.Nb5 Nc5 35.Rb1 Ke7 36.f3 Rc6 37.Nd4 Rb6 38.Kf2 Kf6 39.Nb5 Re6 
40.Nd4 Rb6 41.Nb5 Ke7 42.Ke3 Rc6 1/2-1/2

[Event "38th World U20 ch"]
[Site "Yerevan ARM"]
[Date "1999.09.18"]
[Round "1.23"]
[White "Williams, Simon"]
[Black "Leskiewicz, Maksymilian"]
[Result "1-0"]
[WhiteElo "2421"]
[BlackElo "2206"]
[EventDate "1999.09.18"]
[PlyCount "79"]

1.c4 g6 2.Nc3 Bg7 3.g3 Nf6 4.Bg2 O-O 5.e4 d6 6.Nge2 e5 7.O-O c6 8.d3 a6 9.
a4 a5 10.h3 Nfd7 11.f4 f5 12.Be3 Na6 13.d4 Qe7 14.c5 exd4 15.cxd6 Qxd6 16.
e5 Qb4 17.Nxd4 Ndc5 18.Qe2 Nb3 19.Rad1 Kh8 20.Nc2 Qe7 21.Rd6 Be6 22.Bb6 
Nb4 23.Rfd1 Qf7 24.Nd4 Nxd4 25.R6xd4 Rfe8 26.Bc5 Na6 27.Bd6 Bb3 28.R1d2 c5
29.R4d3 Bc4 30.Bd5 Bxd3 31.Bxf7 Bxe2 32.Bxe8 Rxe8 33.Rxe2 Bf8 34.Bxf8 Rxf8
35.Rd2 Rf7 36.Rd8+ Kg7 37.Nb5 Re7 38.Nd6 c4 39.Rc8 Nc7 40.Rxc7 1-0

[Event "38th World U20 ch"]
[Site "Yerevan ARM"]
[Date "1999.09.18"]
[Round "1.24"]
[White "Korstin, Maris"]
[Black "Chibukhchian, Artur"]
[Result "0-1"]
[WhiteElo "2201"]
[BlackElo "2413"]
[EventDate "1999.09.18"]
[PlyCount "59"]

1.e4 c5 2.Nf3 Nc6 3.d4 cxd4 4.Nxd4 Qc7 5.Nc3 e6 6.Be2 a6 7.Be3 Nf6 8.O-O 
Bb4 9.Na4 Bd6 10.Nxc6 bxc6 11.g3 Rb8 12.Bb6 Rxb6 13.Nxb6 Bxg3 14.hxg3 Qxb6
15.Bf3 d5 16.exd5 cxd5 17.c4 O-O 18.Qc2 h5 19.c5 Qc7 20.c6 e5 21.Rac1 h4 
22.Qb3 hxg3 23.Bxd5 e4 24.Bxf7+ Rxf7 25.fxg3 Bg4 26.Rf4 Bf3 27.Qc4 Kh7 28.
Qc5 Re7 29.Rh4+ Kg6 30.Kh2 0-1

[Event "38th World U20 ch"]
[Site "Yerevan ARM"]
[Date "1999.09.18"]
[Round "1.26"]
[White "Guid, Matej"]
[Black "Bakhtadze, Giorgi"]
[Result "0-1"]
[WhiteElo "2185"]
[BlackElo "2403"]
[EventDate "1999.09.18"]
[PlyCount "90"]

1.d4 Nf6 2.Nf3 g6 3.g3 Bg7 4.Bg2 O-O 5.b3 c5 6.c3 d5 7.O-O Nc6 8.Bb2 Ne4 
9.e3 a5 10.Nfd2 Nxd2 11.Qxd2 cxd4 12.cxd4 Bf5 13.Nc3 e6 14.Rfc1 Qe7 15.Bf1
Rfd8 16.f4 g5 17.Nb5 gxf4 18.gxf4 Kh8 19.Ba3 Qf6 20.Bg2 Rg8 21.Kh1 Bf8 22.
Bxf8 Rxg2 23.Kxg2 Rxf8 24.Nd6 Bg6 25.h3 Qe7 26.Nb5 Bf5 27.Qf2 Nb4 28.Rc7 
Qf6 29.Kh2 Qh6 30.Qg3 Rg8 31.Rg1 Rxg3 32.Rxg3 Bg6 33.Nd6 Qh5 34.Rg4 f5 35.
Rg2 Nd3 36.Rxb7 Ne1 37.Rf2 Qh4 38.Rf1 Nc2 39.Rc1 Qf2+ 40.Kh1 Qf3+ 41.Kh2 
Qe2+ 42.Kh1 Qd2 43.Rg1 Qxe3 44.Nf7+ Kg8 45.Ne5 Qxh3# 0-1

[Event "38th World U20 ch"]
[Site "Yerevan ARM"]
[Date "1999.09.18"]
[Round "1.27"]
[White "Jenni, Florian"]
[Black "Fantin, Ludwig"]
[Result "1-0"]
[WhiteElo "2399"]
[BlackElo "2184"]
[EventDate "1999.09.18"]
[PlyCount "45"]

1.e4 c5 2.Nf3 Nc6 3.d4 cxd4 4.Nxd4 Nf6 5.Nc3 d6 6.f3 e5 7.Nb3 Be7 8.Be3 
O-O 9.Qd2 Be6 10.Nd5 Rc8 11.c4 Ne8 12.Be2 f5 13.exf5 Bxf5 14.O-O Nc7 15.
Rac1 Ne6 16.Rfd1 Bg5 17.Bxg5 Nxg5 18.Ne3 Qb6 19.c5 dxc5 20.Nxf5 Rxf5 21.
Bc4+ Kh8 22.h4 Nf7 23.Qd7 1-0

[Event "38th World U20 ch"]
[Site "Yerevan ARM"]
[Date "1999.09.18"]
[Round "1.28"]
[White "Pinter, Erik"]
[Black "De Vreugt, Dennis"]
[Result "0-1"]
[WhiteElo "2163"]
[BlackElo "2398"]
[EventDate "1999.09.18"]
[PlyCount "84"]

1.e4 e5 2.Nf3 Nc6 3.Bb5 a6 4.Ba4 Nf6 5.O-O Be7 6.Re1 b5 7.Bb3 O-O 8.a4 Bb7
9.d3 d6 10.Nbd2 Na5 11.Ba2 bxa4 12.Nc4 Nxc4 13.Bxc4 Qd7 14.c3 Bc6 15.Ba2 
Qg4 16.h3 Qh5 17.Bb1 Nd7 18.d4 Nb6 19.Bd3 Rfe8 20.Be3 exd4 21.cxd4 Bf8 22.
d5 Bb5 23.Bxb5 axb5 24.Bxb6 cxb6 25.Qd3 Qg6 26.Nd4 b4 27.b3 a3 28.Nc6 Be7 
29.Qc4 Bf6 30.Ra2 Bc3 31.Re3 b5 32.Qe2 Kh8 33.Qc2 h6 34.f3 Qg5 35.Rxc3 
bxc3 36.Qxc3 f5 37.e5 f4 38.b4 dxe5 39.d6 Qg6 40.Qd2 Re6 41.Ne7 Qb1+ 42.
Kh2 Rd8 0-1

[Event "38th World U20 ch"]
[Site "Yerevan ARM"]
[Date "1999.09.19"]
[Round "2.3"]
[White "Bakhtadze, Giorgi"]
[Black "Asrian, Karen"]
[Result "0-1"]
[WhiteElo "2403"]
[BlackElo "2575"]
[EventDate "1999.09.18"]
[PlyCount "66"]

1.Nf3 Nf6 2.g3 d5 3.Bg2 c6 4.O-O Bg4 5.b3 Nbd7 6.Bb2 e6 7.d3 Bd6 8.Nbd2 
O-O 9.h3 Bh5 10.Qe1 e5 11.e4 Re8 12.Nh4 Bc5 13.Kh1 Bd4 14.Bxd4 exd4 15.f4 
dxe4 16.dxe4 Nd5 17.g4 Bg6 18.f5 Ne3 19.fxg6 fxg6 20.Qg3 Nxf1 21.Rxf1 Nc5 
22.Nhf3 Nxe4 23.Qf4 g5 24.Qxe4 Rxe4 25.Nxe4 h6 26.Ng3 d3 27.cxd3 Qxd3 28.
Re1 Rf8 29.Nf5 g6 30.Ne5 Qc3 31.Ne7+ Kg7 32.Re2 Qa1+ 33.Kh2 Rf2 0-1

[Event "38th World U20 ch"]
[Site "Yerevan ARM"]
[Date "1999.09.19"]
[Round "2.4"]
[White "Galkin, Alexander"]
[Black "Marcelin, Cyril"]
[Result "1/2-1/2"]
[WhiteElo "2535"]
[BlackElo "2395"]
[EventDate "1999.09.18"]
[PlyCount "59"]

1.e4 e5 2.Nf3 Nc6 3.Bb5 Nf6 4.O-O Nxe4 5.d4 Nd6 6.Bxc6 dxc6 7.dxe5 Nf5 8.
Qxd8+ Kxd8 9.Nc3 Ke8 10.h3 Ne7 11.Ne4 Ng6 12.Re1 c5 13.a4 a5 14.Nc3 h6 15.
Nb5 Kd7 16.Ra3 Kc6 17.Rc3 Kb6 18.Nd2 Be6 19.Nc4+ Kc6 20.f4 Ne7 21.Nd2 Rd8 
22.Nb3 b6 23.N3d4+ Kb7 24.Nxe6 fxe6 25.Rf3 h5 26.g3 g6 27.Nc3 Nf5 28.Ne4 
Be7 29.Be3 Kc6 30.Kg2 1/2-1/2

[Event "38th World U20 ch"]
[Site "Yerevan ARM"]
[Date "1999.09.19"]
[Round "2.5"]
[White "De Vreugt, Dennis"]
[Black "Blehm, Pawel"]
[Result "1/2-1/2"]
[WhiteElo "2398"]
[BlackElo "2479"]
[EventDate "1999.09.18"]
[PlyCount "89"]

1.e4 c5 2.Nf3 d6 3.d4 cxd4 4.Nxd4 Nf6 5.Nc3 Nc6 6.Bc4 Qb6 7.Nxc6 bxc6 8.
O-O g6 9.Qe2 Ng4 10.Be3 Qc7 11.Bd4 e5 12.Be3 Bg7 13.Rad1 O-O 14.Qd3 d5 15.
exd5 e4 16.d6 exd3 17.dxc7 dxc2 18.Rc1 Nxe3 19.fxe3 Bxc3 20.bxc3 Be6 21.
Bxe6 fxe6 22.Rxc2 Rac8 23.Rd1 Rxc7 24.Rd6 Re8 25.Rf2 Kg7 26.e4 e5 27.g4 
Rb8 28.Kg2 Rb1 29.Rfd2 Rc1 30.g5 Rxc3 31.Rd7+ Rxd7 32.Rxd7+ Kg8 33.Rxa7 
Re3 34.Ra4 h6 35.Ra8+ Kg7 36.Ra7+ Kh8 37.gxh6 Rxe4 38.a4 c5 39.Kf3 Rh4 40.
Kg3 Rb4 41.a5 Ra4 42.Kf3 c4 43.Ke4 c3+ 44.Kd3 Ra3 45.a6 1/2-1/2

[Event "38th World U20 ch"]
[Site "Yerevan ARM"]
[Date "1999.09.19"]
[Round "2.7"]
[White "Smetankin, Stanislav"]
[Black "Pinski, Jan"]
[Result "1/2-1/2"]
[WhiteElo "2385"]
[BlackElo "2444"]
[EventDate "1999.09.18"]
[PlyCount "71"]

1.e4 c5 2.Nf3 Nc6 3.d4 cxd4 4.Nxd4 e5 5.Nb5 d6 6.c4 Be7 7.b3 Nf6 8.Bd3 O-O
9.O-O Bg4 10.f3 Be6 11.Be3 Rc8 12.N5c3 Ne8 13.Nd5 Bg5 14.Bf2 Ne7 15.Nxe7+ 
Bxe7 16.Nc3 b6 17.Qe1 Qd7 18.a4 Bd8 19.Nd5 g6 20.Qd2 f5 21.exf5 gxf5 22.f4
Qg7 23.Rfe1 Nf6 24.fxe5 dxe5 25.Kh1 Nxd5 26.cxd5 Bxd5 27.Bf1 Bb7 28.Rad1 
Rf7 29.Qxd8+ Rxd8 30.Rxd8+ Rf8 31.Red1 Bc6 32.Bc4+ Kh8 33.Rxf8+ Qxf8 34.
Bh4 Kg7 35.Rd8 Be8 36.h3 1/2-1/2

[Event "38th World U20 ch"]
[Site "Yerevan ARM"]
[Date "1999.09.19"]
[Round "2.8"]
[White "Mchedlishvili, Mikheil"]
[Black "Mallahi, Amir"]
[Result "1/2-1/2"]
[WhiteElo "2441"]
[BlackElo "2317"]
[EventDate "1999.09.18"]
[PlyCount "36"]

1.d4 d5 2.Nf3 c5 3.c4 e6 4.cxd5 exd5 5.g3 Nc6 6.Bg2 Nf6 7.O-O Be7 8.Nc3 
O-O 9.Bg5 c4 10.Ne5 Be6 11.Nxc6 bxc6 12.b3 Qa5 13.Na4 Rab8 14.Bxf6 Bxf6 
15.Nc5 Bf5 16.bxc4 dxc4 17.e3 Rb5 18.Qf3 Rxc5 1/2-1/2

[Event "38th World U20 ch"]
[Site "Yerevan ARM"]
[Date "1999.09.19"]
[Round "2.9"]
[White "Arutunian, David"]
[Black "Matikozian, Andranik"]
[Result "1-0"]
[WhiteElo "2318"]
[BlackElo "2427"]
[EventDate "1999.09.18"]
[PlyCount "87"]

1.e4 c5 2.Nf3 d6 3.d4 cxd4 4.Nxd4 Nf6 5.Nc3 a6 6.Be2 e6 7.O-O Qc7 8.f4 
Nbd7 9.Bf3 Rb8 10.a4 b6 11.Kh1 Bb7 12.Qe2 Be7 13.Bd2 O-O 14.g4 Rfc8 15.g5 
Ne8 16.Bg2 Bf8 17.Rae1 g6 18.f5 exf5 19.exf5 Ne5 20.Bf4 Qc4 21.Bxb7 Rxb7 
22.Qxc4 Rxc4 23.Rd1 Ng7 24.Nd5 Nxf5 25.Nxf5 gxf5 26.Nf6+ Kh8 27.Bxe5 dxe5 
28.Rd8 Kg7 29.Rxf5 Re7 30.Nh5+ Kg6 31.Ng3 Bg7 32.Rg8 h5 33.Rf6+ Kh7 34.
Rxg7+ Kxg7 35.Nf5+ Kf8 36.Rh6 f6 37.Rh8+ Kf7 38.Nd6+ Kg6 39.Nxc4 Kxg5 40.
Nxb6 Rb7 41.a5 f5 42.Kg2 e4 43.Rg8+ Kf4 44.Kf2 1-0

[Event "38th World U20 ch"]
[Site "Yerevan ARM"]
[Date "1999.09.19"]
[Round "2.10"]
[White "Brulic, Denis"]
[Black "Williams, Simon"]
[Result "1/2-1/2"]
[WhiteElo "2121"]
[BlackElo "2421"]
[EventDate "1999.09.18"]
[PlyCount "72"]

1.e4 e6 2.d4 d5 3.Nd2 Nf6 4.e5 Nfd7 5.Bd3 c5 6.c3 Nc6 7.Ne2 cxd4 8.cxd4 f6
9.exf6 Nxf6 10.Nf3 Bd6 11.Bf4 Bxf4 12.Nxf4 Qa5+ 13.Qd2 Qxd2+ 14.Kxd2 O-O 
15.Rhe1 Ne4+ 16.Bxe4 Rxf4 17.Bd3 Nxd4 18.Ke3 Nxf3 19.Kxf4 Nxe1 20.Rxe1 Bd7
21.Ke5 Bc6 22.Re3 Rf8 23.Rf3 Rxf3 24.gxf3 Kf7 25.Bf1 Ke7 26.h4 Be8 27.Bh3 
Bf7 28.f4 h6 29.f5 exf5 30.Bxf5 Bh5 31.Bc8 b6 32.Bb7 Bf7 33.a3 Be6 34.b4 
d4 35.Kxd4 Kf6 36.Ke4 Bb3 1/2-1/2

[Event "38th World U20 ch"]
[Site "Yerevan ARM"]
[Date "1999.09.19"]
[Round "2.13"]
[White "Khamrakulov, Ibragim"]
[Black "Iliushin, Alexei"]
[Result "0-1"]
[WhiteElo "2383"]
[BlackElo "2527"]
[EventDate "1999.09.18"]
[PlyCount "52"]

1.e4 e6 2.d4 d5 3.Nd2 Nf6 4.e5 Nfd7 5.Bd3 c5 6.c3 Nc6 7.Ne2 cxd4 8.cxd4 f6
9.exf6 Qxf6 10.Nf3 h6 11.a3 Bd6 12.Be3 O-O 13.Bc2 Rd8 14.Nc3 Nf8 15.g4 Bf4
16.Qd2 Bxe3 17.Qxe3 Ng6 18.g5 hxg5 19.O-O-O g4 20.Ng5 Nf4 21.Nh7 Qh6 22.
Kb1 e5 23.h4 gxh3 24.Qg3 Nxd4 25.Rxd4 exd4 26.Ng5 Rf8 0-1

[Event "38th World U20 ch"]
[Site "Yerevan ARM"]
[Date "1999.09.19"]
[Round "2.15"]
[White "Dervishi, Erald"]
[Black "Lipinsky, Fabian"]
[Result "1-0"]
[WhiteElo "2496"]
[BlackElo "2331"]
[EventDate "1999.09.18"]
[PlyCount "91"]

1.e4 c5 2.Nf3 d6 3.d4 cxd4 4.Nxd4 Nf6 5.Nc3 a6 6.Be2 e6 7.a4 Nc6 8.O-O Be7
9.Be3 O-O 10.Kh1 Qc7 11.f4 Re8 12.Bf3 Bf8 13.Nb3 b6 14.g4 Nd7 15.Bg2 Bb7 
16.g5 Nb4 17.Qd2 Rac8 18.Rad1 Qb8 19.Qf2 g6 20.Rd4 a5 21.Rd2 Nc5 22.Nxc5 
bxc5 23.Nb5 c4 24.Bb6 d5 25.f5 gxf5 26.exf5 Qe5 27.fxe6 Qxe6 28.Nc7 Rxc7 
29.Bxc7 Na6 30.Bxa5 Nc5 31.Bc3 Ne4 32.Qd4 Nxc3 33.Qxc3 Bg7 34.Qf3 Re7 35.
Qf4 Bxb2 36.Qf5 Qxf5 37.Rxf5 Re1+ 38.Rf1 Rxf1+ 39.Bxf1 Bc1 40.Rd1 d4+ 41.
Bg2 Bxg2+ 42.Kxg2 Bb2 43.a5 d3 44.cxd3 c3 45.a6 c2 46.Re1 1-0